[Event "TUR Cup"]
[Site "Antalya"]
[Date "2020.01.28"]
[Round "4"]
[White "Eremkere, Mehmet Halil"]
[Black "Kahraman, Yusuf"]
[Result "1/2-1/2"]
[WhiteElo "1670"]
[BlackElo "1438"]
[PlyCount "126"]
[EventDate "2020.01.26"]
[EventType "swiss"]
[EventRounds "11"]
[EventCountry "TUR"]
[SourceTitle "CBM 194 Extra"]
[Source "ChessBase"]
[SourceDate "2020.03.31"]
[SourceVersion "1"]
[SourceVersionDate "2020.03.31"]
[SourceQuality "1"]

1. Nf3 d5 2. g3 Nf6 3. Bg2 Nc6 4. b3 e5 5. d3 Be6 6. Bb2 Bd6 7. c4 Qd7 8. 0-0 0-0-0 9. c5 Bxc5 10. Nxe5 Nxe5 11. Bxe5 h5 12. Nc3 h4 13. d4 Bd6 14. Bxd6 cxd6 15. Qd3 Bh3 16. Qb5 Bxg2 17. Qxd7+ Kxd7 18. Kxg2 Rc8 19. Rfc1 hxg3 20. hxg3 Ke6 21. f3 Rhd8 22. e3 Kd7 23. Ne2 Ng8 24. Nf4 Ne7 25. g4 g6 26. Kg3 Re8 27. Nd3 Nc6 28. Kf2 Rh8 29. Rh1 Ne7 30. Rxh8 Rxh8 31. Kg3 Rc8 32. Rc1 Rxc1 33. Nxc1 Kc6 34. Nd3 Kb5 35. Kf2 Nc6 36. Ke2 Nb4 37. Nc1 Nc6 38. Kd2 Kb4 39. a4 f5 40. gxf5 gxf5 41. Kc2 Ka3 42. Kc3 Nb4 43. Ne2 Na2+ 44. Kd2 Kxb3 45. a5 Kb4 46. Ng3 Kxa5 47. Nxf5 Kb5 48. Nxd6+ Kc6 49. Nc8 a6 50. e4 dxe4 51. fxe4 Nb4 52. Kc3 a5 53. Ne7+ Kd6 54. Nf5+ Ke6 55. Kc4 b6 56. Ne3 Kd6 57. Kb5 Na2 58. e5+ Ke6 59. Nc4 Nc3+ 60. Kxb6 Kd5 61. Nxa5 Kxd4 62. e6 Ke5 63. e7 Nd5+ 1/2-1/2

[Event "TUR Cup										"]
[Site "Antalya"]
[Date "2018.01.28"]
[Round "3"]
[White "Alagoz, Mahmut"]
[Black "Kahraman, Yusuf"]
[Result "1-0"]
[WhiteElo "1734"]
[BlackElo "1498"]
[PlyCount "109"]
[EventDate "2018.01.27"]
[EventType "swiss"]
[EventRounds "11"]
[EventCountry "TUR"]
[SourceTitle "CBM 182 Extra"]
[Source "ChessBase"]
[SourceDate "2018.02.23"]
[SourceVersion "1"]
[SourceVersionDate "2018.02.23"]
[SourceQuality "1"]

1. d4 d5 2. c4 e6 3. Nc3 Nf6 4. Bg5 Be7 5. e3 0-0 6. Nf3 b6 7. cxd5 Nxd5 8. Bxe7 Qxe7 9. Nxd5 exd5 10. Qb3 Bb7 11. Bd3 Nd7 12. 0-0 c5 13. Bf5 g6 14. Bxd7 Qxd7 15. Rac1 c4 16. Qc2 b5 17. Ne5 Qd6 18. f4 Bc8 19. g4 f5 20. g5 a5 21. h4 Bd7 22. Kf2 b4 23. Rh1 Kg7 24. h5 Rh8 25. hxg6 hxg6 26. Kg3 Qe6 27. Qg2 Bb5 28. Kf2 a4 29. Rh6 Rxh6 30. gxh6+ Kh7 31. Qg5 Be8 32. Qh4 a3 33. b3 c3 34. Nf3 Qd6 35. Ng5+ Kh8 36. h7 Qf6 37. Qh1 Bf7 38. Qf1 Be8 39. Qd3 Rb8 40. Rh1 Bb5 41. Qc2 Re8 42. Rh3 Qe7 43. Qc1 Qf6 44. Qc2 Qe7 45. Ke1 Qf6 46. Kd1 Rxe3 47. Nf7+ Qxf7 48. Rxe3 Qxh7 49. Qg2 Qf7 50. Qg5 Qg7 51. Qd8+ Qg8 52. Rh3+ Kg7 53. Qe7+ Qf7 54. Rh7+ Kxh7 55. Qxf7+ 1-0